000
00326nam a22001457a 4500
003
SGT
020
_a
978-93-5693-749-9
082
_a
519.5
_b
GUP
100
_a
GUPTA, S.C.
245
_a
FUNDAMENTALS OF STATISTICS
260
_a
INDIA
_b
HIMALAYA PUB.
_c
2023
300
_a
28.79
650
_a
STATISTICS
942
_2
ddc
_c
BK
_0
7
999
_c
25730
_d
25730